Explorando las sexualidades humanas : aspectos psicosociales /

Gespeichert in:
Bibliographische Detailangaben
1. Verfasser: Giraldo Neira, Octavio (autor)
Format: Buch
Sprache:Spanisch
Veröffentlicht: México : Trillas, 1981, c1981
Schlagworte:
Tags: Tag hinzufügen
Keine Tags, Fügen Sie das erste Tag hinzu!

MARC

LEADER 00000nam^a2200000^a^4500
001 000030590
005 20250521000000.0
009 20260310085010.49
020 |a 968-24-1034-7 
025 |a Donación Onésimo Gómez, 1 ejemplar 
037 |a Acervo ITESO - Biblioteca 
041 |a ESP 
082 |a 305. 31  |b GIR 
100 |a Giraldo Neira, Octavio  |e (autor) 
245 1 0 |a Explorando las sexualidades humanas :  |b aspectos psicosociales /  |c O. Giraldo Neira. 
264 4 |a México :  |b Trillas,  |c 1981, c1981 
300 |a 304 p. 
336 |a texto  |b txt  |2 rdacontenido 
337 |a sin mediación  |b n  |2 rdamedio 
338 |a volumen  |b nc  |2 rdasoporte 
649 |a XX 
650 |a Desarrollo Sexual 
650 |a Prácticas Sexuales 
650 |a Prácticas Culturales 
650 |a Sexualidad -  |x Tema Principal 
650 |a Educación Sexual 
650 |a Etica Sexual 
650 |a Psicología 
650 |a Sociología 
910 |a Fondo General 
920 |a Impresos - Libros 
930 |a Colección General 
905 |a 101 
901 |a 0500223688  |b IT1  |c ACC  |i D  |u 20250521 
902 |a https://opac.biblio.iteso.mx/vufind/Record/000030590